عرض عادي عرض مارك
  • English language

مدخل مصطلح موضوعي

عدد التسجيلات المستخدمة في: 1

001 - رقم الضبط

  • حقل الضبط: 4028

003 - معرف رقم الضبط

  • حقل الضبط: OSt

005 - تاريخ ووقت أخر عملية

  • حقل الضبط: 20110907073738.0

008 - عناصر بيانات ثابتة الطول

  • حقل تحكم ثابت الطول: 110907|||a|||||| | ||| d

040 ## - مصدر الفهرسة

  • هيئة الفهرسة الأصلية: OSt
  • وكالة الكتابة: OSt

150 ## - مدخل-- مصطلح تاريخي

  • عنصر مدخل المصطلح الموضوعي او الاسم الجغرافي: English language
  • تفريع عام: Discourse analysis
  • تفريع عام: Data processing.

670 ## - بيانات المصدر موجوده

  • الاستشهاد بالمصدر: Work cat.: (OSt)0: Anderson, Wendy, 1975- 4027, Exploring English with online corpora :, 2009.